Sławne roboty i kosmici - Statystyki

Ogólne statystyki
  • Ten quiz został rozwiązany 1 167 razy
  • Średni wynik to 11 z 20
Statystyki odpowiedzi
Obrazkowy Odpowiedź % Poprawnych
Yoda
95%
Wall-E
88%
R2-D2
86%
T-800
79%
C-3PO
75%
Chewbacca
75%
E.T.
74%
Groot
72%
Bumblebee
68%
Predator
68%
RoboCop
66%
Jar Jar Binks
58%
Ultron
52%
Alf
51%
Roomba
50%
Spock
28%
Marsjanin Marwin
27%
Bender
21%
Fembot
5%
Kang i Kodos
4%
Nie znaleziono quizów pasujących do podanych kryteriów
Rozkład punktacji
Procent ludzi z każdym wynikiem
Percentyl według liczby udzielonych odpowiedzi
Twoja historia wyników
Nie rozwiązałeś tego quizu